|
|
|
|
| LEADER |
00000nam a2200000Ii 4500 |
| 001 |
DIGDEU2035 |
| 003 |
NyNyDIG |
| 006 |
m o d |
| 007 |
cr ||||||||||| |
| 008 |
130501s2006 sp ob 100 0 spa d |
| 020 |
|
|
|a 9788498306910
|q (eBook)
|
| 020 |
|
|
|z 9788498300437
|
| 020 |
|
|
|z 8498300436
|
| 035 |
|
|
|a (OCoLC)888264300
|
| 040 |
|
|
|a DGITA
|b eng
|e pn
|c DGITA
|
| 050 |
1 |
4 |
|a BV2020 eBook
|
| 245 |
0 |
0 |
|a Evangelización y misión :
|b retos actuales del sueño inacabado de San Francisco Javier /
|c Manuel Reus Canals S.J. (ed.).
|
| 264 |
|
1 |
|a Bilbao :
|b Universidad de Deusto,
|c 2006.
|
| 300 |
|
|
|a 1 online resource (206 pages)
|
| 336 |
|
|
|a text
|b txt
|2 rdacontent
|
| 337 |
|
|
|a computer
|b c
|2 rdamedia
|
| 338 |
|
|
|a online resource
|b cr
|2 rdacarrier
|
| 490 |
1 |
|
|a Serie Teología ;
|v 35.
|
| 500 |
|
|
|a Contributions made at a meeting organized by the Faculty of Theology of the Universidad de Deusto (Bilbao) in March, 2006.
|
| 504 |
|
|
|a Includes bibliographical references.
|
| 505 |
0 |
|
|a Presentación -- Ponencia 1.a: La misión hoy: las tensiones del cambio de paradigma / Eloy Bueno -- Co-Referencia 1.a: La misionología que se necesita hoy / Roberto Calvo -- Ponencia 2.a: La primera evangelización / Rafael Aguirre -- Co-Referencia 2.a: La misión en los evangelios / Oriol Tuñí, -- Ponencia 3.a: Cristo, la religión y las religiones / Christian Duquoc -- Co-Referencia 3.a: La novedad de la revelación cristiana para un mundo multireligioso / José Vidal Taléns -- Ponencia 4.a: ¿Qué significa evangelizar hoy? La Nueva Evangelización / Robert Schreiter -- Co-Referencia 4.a: La evangelización como forma de vida / Gabriel Amengual -- MESA REDONDA Evangelización y misión en diferentes contextos -- Intervención 1.a: Los desafíos de la evangelización y misión en África hoy / Henriette Kasomo, -- Intervención 2.a: Retos a la evangelización en Asia / Jose Antonio Izco -- Intervención 3.a: Evangelización en América Latina y el Caribe: una mirada y algunos retos / Luis M.a Goikoetxea -- Intervención 4.a: Evangelización y misión en el Primer Mundo / Gabriel Amengual.
|
| 650 |
|
0 |
|a Evangelistic work
|v Congresses.
|
| 650 |
|
0 |
|a Missions
|v Congresses.
|
| 655 |
|
0 |
|a Electronic books.
|
| 700 |
1 |
|
|a Canals, Manuel Reus.
|
| 700 |
1 |
|
|a Schreiter, Robert J.
|
| 791 |
2 |
|
|a Digitalia (Firm),
|e distributor.
|
| 830 |
|
0 |
|a Serie Teología ;
|v 35.
|
| 793 |
0 |
|
|g Digitalia eBook Collection:
|a Universidad de Deusto.
|
| 856 |
4 |
0 |
|3 Digitalia Hispánica
|u https://www.digitaliapublishing.com/a/18149/
|
| 910 |
|
|
|a Premium Collection: 2007-2012
|